Proceedings of XIII Fall Workshop on Geometry and Physics : Murcia, Spain, September 20-22, 2004 /
Guardado en:
| Autor Corporativo: | |
|---|---|
| Otros Autores: | |
| Formato: | Libro |
| Idioma: | English |
| Publicado: |
[Madrid :
Real Sociedad Matemática Española,
2005]
|
| Series: | Publicaciones de la Real Sociedad Matemática Española ;
v. 9 |
| Materias: | |
| Etiquetas: |
Agregar Etiqueta
Sin Etiquetas, Sea el primero en etiquetar este registro!
|
| LEADER | 00992nam a2200241 a 4500 | ||
|---|---|---|---|
| 001 | MAT.inmabb004567 | ||
| 008 | 060711s2005####espa#####b/###100#0#eng## | ||
| 005 | 20170523140905.0 | ||
| 245 | 1 | 0 | |a Proceedings of XIII Fall Workshop on Geometry and Physics : |b Murcia, Spain, September 20-22, 2004 / |c edited by Luis J. Alías Linares ... [et al.]. |
| 260 | |a [Madrid : |b Real Sociedad Matemática Española, |c 2005] | ||
| 300 | |a 9, 253 p. : |b il, gráf. ; |c 24 cm. | ||
| 440 | 0 | |a Publicaciones de la Real Sociedad Matemática Española ; |v v. 9 | |
| 504 | |a Incluye referencias bibliográficas. | ||
| 020 | |a 8493361062 | ||
| 111 | 2 | |a International Fall Workshop on Geometry and Physics |n (13º : |d 2004 : |c Murcia, España) | |
| 700 | 1 | |a Alías Linares, Luis J. |4 edt | |
| 080 | |a 514(063) | ||
| 080 | |a 53(063) | ||
| 650 | 0 | 8 | |a Geometría |j Congresos y asambleas |
| 650 | 0 | 8 | |a Física |j Congresos y asambleas |
| 084 | |a 53-06 |2 msc2000 | ||
| 040 | |a M-BN |b spa |c M-BN | ||
| 859 | |h 53 |i In61-13 |p A-8460 |b BIB. MATEMATICA | ||
